[Event "3. Open Bohumin 2020"]
[Site "Bohumin"]
[Date "2020.07.21"]
[Round "4.8"]
[White "Mrazek, Lumir"]
[Black "Gnojek, Petr"]
[Result "1/2-1/2"]
[WhiteElo "2333"]
[BlackElo "2126"]
[Annotator "TA"]
[PlyCount "104"]
[EventDate "2020.07.18"]
[EventType "swiss"]
[EventCountry "CZE"]
[SourceTitle "playchess.com"]
[Source "ChessBase"]
[SourceQuality "1"]

{[%evp 9,104,14,22,0,38,15,70,64,65,45,40,33,38,22,73,18,31,22,21,14,34,22,0,-14,-22,-79,-81,-110,-98,-111,-68,-60,-66,-66,-47,-68,-68,-63,-50,-70,0,0,3,0,62,52,56,0,0,0,0,0,0,0,0,0,68,50,67,62,59,0,0,0,39,-245,-249,-259,-242,-264,-247,-229,-261,-262,-207,-397,-115,-250,-247,-257,-258,-258,-232,-229,0,-83,0,0,0,0,0,0,0,-12,0,0,0]} 1. e4 d6 2. d4 Nf6 3. Nc3 g6 4. Nge2 Bg7 5. Ng3 a6 6. a4 {[#] B06: Modern Defence.} b6 $146 ({Predecessor:} 6... Nc6 7. Be2 e5 8. dxe5 Nxe5 9. O-O O-O 10. f4 Nc6 11. a5 Re8 12. Bf3 Bd7 13. h3 {0-1 (58) Evers,U-Polzin,R (2475) Dresden 1999}) 7. h4 Bb7 (7... h5 $11) 8. h5 $14 {White is slightly better.} e6 9. h6 Bf8 10. d5 Nbd7 11. Be2 e5 (11... c6 $11) 12. f4 (12. f3 $16) 12... exf4 $11 13. Bxf4 Ne5 14. Qd4 Nfd7 15. O-O-O Be7 16. Bg4 Bf6 17. Bh3 (17. Bxd7+ $11 Nxd7 18. Qc4) 17... O-O 18. Qf2 {[#]} b5 $1 {[%cal Bb6b5,Bb5b4][%mdl 544]} 19. Rhf1 (19. axb5 axb5) 19... b4 20. Nce2 {[%cal Bc3e2,Be2d4,Bd4c6,Bc6e5][%mdl 32]} a5 21. Nd4 Ba6 22. Bxd7 Qxd7 23. Bxe5 $1 Bxe5 24. Nc6 $1 {[%cal Rc6e5]} Bxf1 (24... f6 $15 25. Ne2 Qg4 {[%mdl 64] Double Attack}) 25. Nxe5 {Qf6 would kill now.} Qe7 ({And not} 25... Qxa4 26. Qf6 Qa1+ 27. Kd2 $1 {[%mdl 512]} Qxd1+ 28. Kxd1 Be2+ 29. Nxe2 dxe5 30. Qg7#) 26. Nd7 $1 Qg5+ ({Black should play} 26... Ba6 $11) 27. Kb1 $14 Ba6 28. Qd4 (28. b3 $14) 28... f6 $1 $11 {...Rf7 is the strong threat.} (28... Qxh6 29. Nf6+ Kh8 30. Rh1 $18) 29. Nxf8 Kxf8 30. Rd2 {[%cal Bd1d2,Bd2f2,Bf2f3][%mdl 32]} Ke7 31. Rf2 $1 Qe5 $36 {[%mdl 2048] Black has the initiative.} 32. Qe3 Kd7 (32... Bb7 $11) 33. Rf3 $1 $14 Bc4 34. Qf2 Ke7 $1 35. Qg1 (35. b3 $14 Ba6 36. Ne2) 35... Kd7 36. Qh2 Re8 37. Qh4 $2 {[%mdl 8192] [#]} (37. b3 $14 {keeps the upper hand.} Ba6 38. Qg1) 37... Qxd5 $1 $19 {[%cal Rd5d1][%mdl 512]} 38. b3 (38. exd5 Re1#) 38... Qd1+ 39. Kb2 Qd4+ 40. Ka2 g5 41. Qh5 Be6 42. Qh1 $2 (42. Rd3 Qf2 43. Kb2) 42... c5 $2 (42... Bg4 $19 {has better winning chances.} 43. Rd3 Qf2) 43. Rd3 (43. Nh5 $17 {was worth a try.} Rf8 44. Qa1) 43... Qe5 {White must now prevent ...c4.} 44. Qg1 Rc8 {aiming for ...c4.} 45. Nf5 Bxf5 46. exf5 {[#]} Qxf5 $2 {[%mdl 4096] Endgame KQR-KQR} (46... c4 $1 $19 {[%cal Rc4d3]} 47. Rd2 cxb3+ 48. cxb3 Qxf5) 47. Qd1 {[#]} (47. g4 $1 $11 {remains equal.} Qe4 48. Kb1) 47... Qe5 ({Better is} 47... Rc6 $1 $17 48. Rf3 Qe4 49. Rxf6 c4 50. Rf7+ Kd8) 48. Qg4+ $11 {The position is equal.} f5 49. Qc4 $1 Qe6 {And now ...Qxc4 would win.} 50. Qb5+ {[%mdl 64] Double Attack} Rc6 51. Qb7+ Rc7 52. Qb5+ Rc6 {And White is the lucky defender. Accuracy: White = 71%, Black = 69%.} 1/2-1/2

[Event "3. Open Bohumin 2020"]
[Site "Bohumin"]
[Date "2020.07.21"]
[Round "4.9"]
[White "Kroliczek, Gabriela"]
[Black "Dobrovolsky, Ladislav"]
[Result "0-1"]
[WhiteElo "1976"]
[BlackElo "2277"]
[Annotator "ChessBase"]
[PlyCount "56"]
[EventDate "2020.07.18"]
[EventType "swiss"]
[EventCountry "CZE"]
[SourceTitle "playchess.com"]
[Source "ChessBase"]
[SourceQuality "1"]
[TimeControl "40/5400+30:900+30"]

1. e4 {[%emt 0:00:00]} c5 {[%emt 0:00:00]} 2. Nf3 {[%emt 0:00:00]} e6 {[%emt 0:00:00]} 3. d4 {[%emt 0:00:00]} cxd4 {[%emt 0:00:00]} 4. Nxd4 {[%emt 0:00:00]} a6 {[%emt 0:00:00]} 5. Nc3 {[%emt 0:00:42]} Qc7 {[%emt 0:00:00]} 6. Be3 {[%emt 0:01:00]} Nf6 {[%emt 0:00:16]} 7. f3 {[%emt 0:00:44]} Bb4 {[%emt 0:03:13]} 8. Bd2 {[%emt 0:04:58]} O-O {[%emt 0:00:41]} 9. Bd3 {[%emt 0:01:30]} d5 {[%emt 0:02:33]} 10. Nde2 {[%emt 0:04:17]} Nc6 {[%emt 0:01:58]} 11. f4 {[%emt 0:06:13]} dxe4 {[%emt 0:18:19]} 12. Nxe4 {[%emt 0:02:33]} Nxe4 {[%emt 0:00:14]} 13. Bxe4 {[%emt 0:00:03]} Rd8 {[%emt 0:03:16]} 14. c3 {[%emt 0:00:48]} Bc5 {[%emt 0:00:10]} 15. Qc2 {[%emt 0:05:33]} f5 {[%emt 0:01:14]} 16. Bxc6 {[%emt 0:04:54]} Qxc6 {[%emt 0:00:54]} 17. O-O-O {[%emt 0:01:27]} Qxg2 {[%emt 0:03:07]} 18. Ng3 {[%emt 0:01:02]} Bd7 {[%emt 0:02:01]} 19. Rde1 {[%emt 0:03:19]} Qd5 {[%emt 0:16:58]} 20. Re5 {[%emt 0:07:09]} Qc6 {[%emt 0:09:18]} 21. Rhe1 {[%emt 0:02:32]} Bd6 {[%emt 0:01:14]} 22. R5e2 {[%emt 0:00:15]} Rac8 {[%emt 0:00:23]} 23. h4 {[%emt 0:02:46]} Qd5 {[%emt 0:02:08]} 24. Kb1 {[%emt 0:00:33]} Bb5 {[%emt 0:00:24]} 25. Qc1 {[%emt 0:04:13]} Bxe2 {[%emt 0:01:24]} 26. Nxe2 {[%emt 0:00:24]} Bc5 {[%emt 0:00:34]} 27. Be3 {[%emt 0:02:58]} Qd3+ {[%emt 0:00:25]} 28. Ka1 {[%emt 0:00:06]} Bxe3 {[%emt 0:00:14]} 0-1

[Event "3. Open Bohumin 2020"]
[Site "Bohumin"]
[Date "2020.07.21"]
[Round "4.10"]
[White "Poysti, Nathanael"]
[Black "Grochol, Kamil"]
[Result "1-0"]
[WhiteElo "2209"]
[BlackElo "2023"]
[Annotator "ChessBase"]
[PlyCount "87"]
[EventDate "2020.07.18"]
[EventType "swiss"]
[EventCountry "CZE"]
[SourceTitle "playchess.com"]
[Source "ChessBase"]
[SourceQuality "1"]
[TimeControl "40/5400+30:900+30"]

1. c4 {[%emt 0:00:00]} e6 {[%emt 0:00:00]} 2. Nc3 {[%emt 0:00:00]} d5 {[%emt 0:00:00]} 3. d4 {[%emt 0:00:00]} a6 {[%emt 0:00:00]} 4. cxd5 {[%emt 0:00:00]} exd5 {[%emt 0:00:06]} 5. Bf4 {[%emt 0:00:12]} Nf6 {[%emt 0:02:55]} 6. e3 {[%emt 0:00:06]} Bd6 {[%emt 0:00:36]} 7. Bg5 {[%emt 0:00:06]} Be6 {[%emt 0:08:22]} 8. Bd3 {[%emt 0:00:09]} Nbd7 {[%emt 0:00:57]} 9. f4 {[%emt 0:00:19]} h6 {[%emt 0:06:17]} 10. Bh4 {[%emt 0:01:10]} g5 {[%emt 0:05:04]} 11. fxg5 {[%emt 0:00:06]} hxg5 {[%emt 0:09:04]} 12. Bxg5 {[%emt 0:00:02]} Rxh2 {[%emt 0:02:17]} 13. Rxh2 {[%emt 0:00:12]} Bxh2 {[%emt 0:00:09]} 14. Nge2 {[%emt 0:00:31]} Bd6 {[%emt 0:05:41]} 15. Nf4 {[%emt 0:01:06]} c6 {[%emt 0:09:05]} 16. Qf3 {[%emt 0:04:46]} Bg4 {[%emt 0:08:28]} 17. Qf2 {[%emt 0:08:50]} Qb6 {[%emt 0:10:08]} 18. Rc1 {[%emt 0:10:16]} O-O-O {[%emt 0:18:02]} 19. Bxf6 {[%emt 0:39:01]} Nxf6 {[%emt 0:00:07]} 20. Nfxd5 {[%emt 0:00:19]} Nxd5 {[%emt 0:00:13]} 21. Nxd5 {[%emt 0:00:01]} Qa5+ {[%emt 0:00:34]} 22. Nc3 {[%emt 0:00:03]} Qg5 {[%emt 0:06:38]} 23. Kd2 {[%emt 0:03:49]} Re8 {[%emt 0:03:35]} 24. Rf1 {[%emt 0:06:08]} Kb8 {[%emt 0:01:06]} 25. Ne4 {[%emt 0:02:32]} Qa5+ {[%emt 0:01:20]} 26. Kc1 {[%emt 0:00:38]} Rxe4 {[%emt 0:01:41]} 27. Bxe4 {[%emt 0:00:17]} Qxa2 {[%emt 0:00:17]} 28. Qxf7 {[%emt 0:09:14]} Be6 {[%emt 0:00:32]} 29. Qf2 {[%emt 0:00:57]} Bc4 {[%emt 0:00:32]} 30. Rd1 {[%emt 0:02:36]} Bb3 {[%emt 0:00:36]} 31. Bb1 {[%emt 0:00:31]} Qa4 {[%emt 0:00:35]} 32. Rd3 {[%emt 0:00:26]} Bb4 {[%emt 0:00:31]} 33. g4 {[%emt 0:06:36]} Bc4 {[%emt 0:00:18]} 34. Rd1 {[%emt 0:00:45]} Bb3 {[%emt 0:00:33]} 35. Rg1 {[%emt 0:00:28]} Qb5 {[%emt 0:00:27]} 36. g5 {[%emt 0:00:46]} Qc4+ {[%emt 0:00:38]} 37. Bc2 {[%emt 0:00:03]} Ba3 {[%emt 0:00:34]} 38. bxa3 {[%emt 0:01:19]} Qc3 {[%emt 0:00:01]} 39. Qd2 {[%emt 0:02:32]} Qa1+ {[%emt 0:00:10]} 40. Bb1 {[%emt 0:00:07]} Qxa3+ {[%emt 0:00:05]} 41. Qb2 {[%emt 0:15:09]} Qb4 {[%emt 0:15:32]} 42. Bc2 {[%emt 0:00:30]} Qc4 {[%emt 0:00:34]} 43. Qxb3 {[%emt 0:00:08]} Qf1+ {[%emt 0:00:06]} 44. Rxf1 1-0

[Event "3. Open Bohumin 2020"]
[Site "Bohumin"]
[Date "2020.07.21"]
[Round "4.11"]
[White "Lojek, Marek"]
[Black "Posluszny, Tomasz"]
[Result "1/2-1/2"]
[WhiteElo "2196"]
[BlackElo "1977"]
[Annotator "TA"]
[PlyCount "98"]
[EventDate "2020.07.18"]
[EventType "swiss"]
[EventCountry "CZE"]
[SourceTitle "playchess.com"]
[Source "ChessBase"]
[SourceQuality "1"]

{[%evp 18,98,21,20,40,49,53,0,0,0,0,0,0,0,33,23,21,0,0,0,0,0,6,-6,54,45,50,0,0,-7,0,-29,-18,-26,-13,-12,0,-11,0,0,0,-40,0,0,0,0,0,-19,-27,-18,-24,-27,18,1,95,46,76,7,112,0,162,-150,-150,-143,-142,-162,-153,-119,-34,-34,-31,-76,-30,-41,-42,-253,-245,-416,-127,-115,-71,-109,-94]} 1. e4 e5 2. Nf3 Nc6 3. Bb5 a6 4. Ba4 g6 5. O-O Bg7 6. c3 d6 7. h3 Bd7 8. d4 Nf6 9. Nbd2 O-O 10. Re1 exd4 {C60: Ruy Lopez: Unusual Black 3rd moves and 3...g6.} 11. cxd4 Nb4 12. Bb3 ({Better is} 12. Bxd7 $14 Qxd7 13. Qb3) 12... Nd3 $11 {The position is equal.} 13. Re3 Nxc1 14. Rxc1 {[#]} Nh5 $146 ({Predecessor:} 14... c6 15. Re1 d5 16. exd5 cxd5 17. Nf1 Qb6 18. Ne3 Be6 19. Ne5 Rfc8 20. Qd3 a5 {1-0 (55) Almasi,Z (2707)-Stevic,H (2616) Heraklion 2017}) 15. e5 dxe5 16. dxe5 {next Re4 is good for White.} Bc6 17. Qc2 Nf4 18. Ne4 Qe7 19. Qc3 Rae8 (19... Kh8 {feels hotter.} 20. Rce1 Rae8 21. Qc4 Nd5 22. R3e2 Nf4) 20. Rce1 Bxe4 (20... Kh8 $11) 21. Rxe4 $14 Ne6 22. Rc1 Rc8 23. Qb4 c5 24. Qd2 Rfd8 25. Qe3 b5 26. Bxe6 $1 fxe6 27. Nh2 Rd5 28. Ng4 Rf8 29. f4 Kf7 (29... h5 $5 {[%cal Rh5g4]} 30. Nf2 g5 31. fxg5 Rf5 $11) 30. Qa3 Qa7 31. Qe3 Qe7 32. Nh2 Rfd8 33. Nf3 h6 34. Kh2 a5 35. Qe1 Qc7 (35... a4 $11 {keeps the balance.}) 36. Nh4 Rd3 37. b4 (37. a4 $16) 37... c4 (37... axb4 $11 38. Rxb4 {[%mdl 64] Pin} Qd7 39. Rxc5 Bf8 40. Rcxb5 Bxb4 41. Rxb4 Qd5) 38. bxa5 (38. a4 $1 $16) 38... Qc5 $2 (38... Ra3 $11) 39. Rc3 $2 {[#]} (39. Qe2 $18) 39... Rxc3 $1 $17 40. Qxc3 {[#] White wants to play Qg3.} Qf2 $1 $36 {[%mdl 2048] White is under strong pressure.} 41. Qg3 Qxg3+ 42. Kxg3 $19 {[%mdl 4096] Endgame KRB-KRN} Rd3+ (42... Bf8 $17 {...c3 is the strong threat.} 43. Nf3 Ra8) 43. Nf3 $15 {Hoping for a4!} Ra3 44. Re2 Rxa5 45. Nd4 $1 Bf8 46. Nc6 $2 ({White should play} 46. Kf3 $15) 46... Ra3+ $19 47. Kg4 $2 (47. Kh2 {might work better.}) 47... Ra6 $2 (47... Rd3 $19 {and Black stays clearly on top. Threatens to win with ...c3.} 48. Rb2 c3) 48. Nd4 $17 Rb6 49. Rc2 Bc5 {Accuracy: White = 53%, Black = 60%.} 1/2-1/2

[Event "3. Open Bohumin 2020"]
[Site "Bohumin"]
[Date "2020.07.21"]
[Round "4.12"]
[White "Kersten, Julian"]
[Black "Rodshtein, Tereza"]
[Result "1/2-1/2"]
[WhiteElo "2005"]
[BlackElo "2186"]
[Annotator "TA"]
[PlyCount "97"]
[EventDate "2020.07.18"]
[EventType "swiss"]
[EventCountry "CZE"]
[SourceTitle "playchess.com"]
[Source "ChessBase"]
[SourceQuality "1"]

{[%evp 24,97,16,7,67,56,68,74,88,101,85,91,147,130,103,127,164,83,104,103,100,95,96,65,117,129,203,203,186,185,203,203,203,202,229,229,271,285,346,346,307,329,389,338,341,291,411,404,401,284,383,385,393,389,350,276,258,231,260,236,250,231,236,74,237,235,231,231,224,0,187,0,195,171,259,0]} 1. e4 e5 2. Nf3 Nc6 3. d4 exd4 4. Bc4 Nf6 5. e5 d5 6. Bb5 Ne4 7. Nxd4 Bd7 8. Bxc6 bxc6 9. O-O Bc5 10. f3 Ng5 11. Be3 O-O 12. f4 Ne4 13. Nd2 {[%cal Bb1d2,Bd2e4,Be4c5][%mdl 32]} Bg4 {C56: Two Knights: 4 d4 exd4 5 0-0 Nxe4.} (13... Nxd2 $11 14. Qxd2 Bb6) 14. Qe1 Bxd4 15. Bxd4 c5 {White is better.} 16. Nxe4 cxd4 {[#]} 17. Nc5 $146 ({Predecessor:} 17. Ng3 Rb8 18. h3 Bc8 19. b3 f5 20. Qd2 c5 21. Kh2 Rb6 22. a3 Ba6 23. Rfd1 {1-0 (38) Saavedra,C (2185)-Beyer,A Peru 2000}) 17... Rb8 (17... Qe7 $142 18. Nb3 Qe6) 18. b4 Bf5 19. Qd2 c6 20. Rfc1 (20. Qxd4 $18 Qb6 21. c3) 20... f6 21. Qxd4 fxe5 22. fxe5 Qg5 {[#] And now ...Bh3 would win.} 23. Kh1 Bg4 (23... Rbe8 $14) 24. Rf1 $16 Rxf1+ (24... Rbe8 $16 {was necessary.}) 25. Rxf1 $18 Re8 26. Qf2 {[#] Threatening mate with Qf7+.} Qe7 27. h3 Bc8 28. Re1 h6 29. e6 Rf8 30. Qg3 a5 31. a3 {[%cal Ba2a3,Ba3b4][%mdl 32]} axb4 32. axb4 Rf6 33. Qb8 Rf8 34. Qe5 Rf6 (34... Kh7 $142 35. c4 dxc4 36. Qe4+ Kg8 37. Qxc4 Re8) 35. c3 Rf8 36. Qe2 Rf6 37. Qe3 Rf8 38. Qe5 Rf6 39. Qe2 Rf8 40. Ra1 Re8 41. Ra8 Qg5 42. Qe1 Kh7 43. Ra2 $2 (43. Kh2 $18 {is more deadly.}) 43... Kg8 $2 (43... Qg6 $16) 44. Rf2 Re7 45. Re2 Qf6 46. Rf2 Qg5 $1 47. Re2 Qf6 $1 48. Re5 Qf4 (48... Qg6 $142 49. Re2 Qf6) 49. Re2 $2 {Accuracy: White = 65%, Black = 48%.} (49. Nb3 $18) 1/2-1/2

[Event "3. Open Bohumin 2020"]
[Site "Bohumin"]
[Date "2020.07.21"]
[Round "4.13"]
[White "Sramek, Vojtech"]
[Black "Adamczyk, Zuzanna"]
[Result "1-0"]
[WhiteElo "2177"]
[BlackElo "1968"]
[Annotator "ChessBase"]
[PlyCount "67"]
[EventDate "2020.07.18"]
[EventType "swiss"]
[EventCountry "CZE"]
[SourceTitle "playchess.com"]
[Source "ChessBase"]
[SourceQuality "1"]
[TimeControl "40/5400+30:900+30"]

1. e4 {[%emt 0:00:00]} c6 {[%emt 0:00:00]} 2. d4 {[%emt 0:00:00]} d5 {[%emt 0:00:00]} 3. exd5 {[%emt 0:00:56]} cxd5 {[%emt 0:00:09]} 4. c4 {[%emt 0:00:07]} Nf6 {[%emt 0:00:28]} 5. Nc3 {[%emt 0:00:08]} Nc6 {[%emt 0:00:46]} 6. Bg5 {[%emt 0:07:15]} dxc4 {[%emt 0:06:37]} 7. d5 {[%emt 0:07:48]} Ne5 {[%emt 0:13:29]} 8. Qd4 {[%emt 0:21:44]} Nd3+ {[%emt 0:18:31]} 9. Bxd3 {[%emt 0:00:15]} cxd3 {[%emt 0:00:07]} 10. Qxd3 {[%emt 0:11:41]} e6 {[%emt 0:12:22]} 11. O-O-O {[%emt 0:03:24]} Qa5 {[%emt 0:11:32]} 12. Qb5+ {[%emt 0:16:55]} Qxb5 {[%emt 0:01:59]} 13. Nxb5 {[%emt 0:00:06]} Nxd5 {[%emt 0:05:56]} 14. Nc7+ {[%emt 0:00:48]} Kd7 {[%emt 0:00:27]} 15. Nxa8 {[%emt 0:00:57]} Bd6 {[%emt 0:01:27]} 16. Nf3 {[%emt 0:01:46]} b5 {[%emt 0:01:53]} 17. Nd4 {[%emt 0:09:41]} Ba6 {[%emt 0:02:22]} 18. Nf5 {[%emt 0:01:22]} Rxa8 {[%emt 0:03:41]} 19. Nxd6 {[%emt 0:00:54]} Kxd6 {[%emt 0:00:08]} 20. Kb1 {[%emt 0:00:14]} b4 {[%emt 0:02:05]} 21. Rd4 {[%emt 0:01:34]} Bb5 {[%emt 0:01:36]} 22. Rhd1 {[%emt 0:00:57]} a5 {[%emt 0:01:11]} 23. f3 {[%emt 0:02:06]} Ba4 {[%emt 0:03:25]} 24. Rc1 {[%emt 0:01:02]} Bb5 {[%emt 0:01:03]} 25. Bf4+ {[%emt 0:01:16]} e5 {[%emt 0:03:15]} 26. Bg3 {[%emt 0:00:51]} f5 {[%emt 0:00:49]} 27. Rd2 {[%emt 0:02:54]} Bc6 {[%emt 0:02:20]} 28. Bxe5+ {[%emt 0:00:34]} Kxe5 {[%emt 0:01:19]} 29. Rxc6 {[%emt 0:00:07]} Ne3 {[%emt 0:01:56]} 30. Rc5+ {[%emt 0:02:41]} Kf4 {[%emt 0:01:28]} 31. Rd4+ {[%emt 0:00:56]} Kg5 {[%emt 0:00:14]} 32. g3 {[%emt 0:01:03]} g6 {[%emt 0:01:51]} 33. Re5 {[%emt 0:00:59]} Nf1 {[%emt 0:00:57]} 34. Re2 {[%emt 0:00:20]} 1-0

[Event "3. Open Bohumin 2020"]
[Site "Bohumin"]
[Date "2020.07.21"]
[Round "4.14"]
[White "Pilch, Roman"]
[Black "Gratze, Michael"]
[Result "1-0"]
[WhiteElo "2164"]
[BlackElo "1919"]
[Annotator "NA"]
[PlyCount "43"]
[EventDate "2020.07.18"]
[EventType "swiss"]
[EventCountry "CZE"]
[SourceTitle "playchess.com"]
[Source "ChessBase"]
[SourceQuality "1"]
[TimeControl "40/5400+30:900+30"]

1. Nf3 {[%emt 0:00:00]} Nf6 {[%emt 0:00:00]} 2. c4 {[%emt 0:00:00]} g6 {[%emt 0:00:00]} 3. Nc3 {[%emt 0:00:07]} Bg7 {[%emt 0:00:00]} 4. d4 {[%emt 0:00:26]} O-O {[%emt 0:00:00]} 5. h3 {[%emt 0:00:04]} d5 {[%emt 0:01:51]} 6. e3 {[%emt 0:01:30]} c5 {[%emt 0:01:30]} 7. dxc5 {[%emt 0:03:21] D94: Grünfeld: 4 Nf3 Bg7 5 e3.} Qa5 {[%emt 0:01:04]} 8. Bd2 {[%emt 0:00:58]} Qxc5 {[%emt 0:00:27]} 9. b4 {[%emt 0:08:17]} Qd6 {[%emt 0:03:52] [#]} 10. Qb3 $146 {[%emt 0:06:18]} ({Predecessor:} 10. c5 Qd8 11. Bb5 a5 12. a3 axb4 13. axb4 Rxa1 14. Qxa1 Ne4 15. Qa3 Nxd2 16. Nxd2 {½-½ (51) Ferreira Filho,J (1907)-Lima,A (1968) Fortaleza 2018}) 10... Ne4 {[%emt 0:06:49]} 11. Rd1 {[%emt 0:06:53]} a5 {[%emt 0:09:48]} 12. c5 {[%emt 0:09:49]} Qd8 {[%emt 0:06:26]} 13. Nxd5 {[%emt 0:04:58]} Be6 {[%emt 0:00:35]} 14. Bc4 {[%emt 0:01:08]} Nxd2 {[%emt 0:05:47]} 15. Rxd2 {[%emt 0:01:08]} Bxd5 {[%emt 0:03:43]} 16. Bxd5 {[%emt 0:02:29]} ({Don't do} 16. Rxd5 $6 Qc7 $16) 16... Qc8 {[%emt 0:00:22] [#]} 17. Ng5 $1 {[%emt 0:05:27]} e6 $2 {[%emt 0:03:35] [#]} (17... axb4 {was worth a try.} 18. Nxf7 (18. Qxb4 Nc6 $14) 18... e6 19. Bxe6 Qxc5) 18. Nxe6 $1 {[%emt 0:02:01]} axb4 {[%emt 0:00:13]} 19. Nxg7 {[%emt 0:05:01]} Kxg7 {[%emt 0:00:24]} 20. Qxb4 {[%emt 0:00:25]} Na6 $18 {[%emt 0:00:58]} (20... Nc6 21. Qc3+ Kg8) 21. Qb2+ {[%emt 0:02:22]} Kg8 {[%emt 0:00:33]} 22. Bxb7 {[%emt 0:00:28]} 1-0

[Event "3. Open Bohumin 2020"]
[Site "Bohumin"]
[Date "2020.07.21"]
[Round "4.15"]
[White "Warchol, Kamil"]
[Black "Kubos, Rostislav"]
[Result "1/2-1/2"]
[WhiteElo "1911"]
[BlackElo "2134"]
[Annotator "ChessBase"]
[PlyCount "68"]
[EventDate "2020.07.18"]
[EventType "swiss"]
[EventCountry "CZE"]
[SourceTitle "playchess.com"]
[Source "ChessBase"]
[SourceQuality "1"]
[TimeControl "40/5400+30:900+30"]

1. e4 {[%emt 0:00:00]} c5 {[%emt 0:00:00]} 2. Nf3 {[%emt 0:00:08]} e6 {[%emt 0:00:02]} 3. d4 {[%emt 0:00:33]} cxd4 {[%emt 0:00:05]} 4. Nxd4 {[%emt 0:00:27]} Nc6 {[%emt 0:00:12]} 5. Nc3 {[%emt 0:01:03]} Qc7 {[%emt 0:00:06]} 6. f4 {[%emt 0:01:06]} a6 {[%emt 0:04:06]} 7. Nb3 {[%emt 0:02:06]} d6 {[%emt 0:14:53]} 8. Bd3 {[%emt 0:05:14]} Nf6 {[%emt 0:02:57]} 9. Qf3 {[%emt 0:03:43]} Be7 {[%emt 0:02:03]} 10. Be3 {[%emt 0:03:48]} h5 {[%emt 0:04:13]} 11. O-O-O {[%emt 0:14:12]} b5 {[%emt 0:11:44]} 12. e5 {[%emt 0:08:17]} dxe5 {[%emt 0:07:56]} 13. fxe5 {[%emt 0:02:18]} Nd7 {[%emt 0:04:11]} 14. Qg3 {[%emt 0:12:22]} g5 {[%emt 0:12:01]} 15. Be4 {[%emt 0:11:23]} Bb7 {[%emt 0:03:54]} 16. Rhf1 {[%emt 0:02:58]} h4 {[%emt 0:06:34]} 17. Qf2 {[%emt 0:03:42]} Ncxe5 {[%emt 0:00:50]} 18. Bxb7 {[%emt 0:02:21]} Qxb7 {[%emt 0:00:46]} 19. Nc5 {[%emt 0:00:49]} Nxc5 {[%emt 0:04:59]} 20. Bxc5 {[%emt 0:00:14]} f6 {[%emt 0:00:42]} 21. Bxe7 {[%emt 0:06:26]} Qxe7 {[%emt 0:00:15]} 22. Ne4 {[%emt 0:00:53]} f5 {[%emt 0:09:32]} 23. Nd6+ {[%emt 0:01:02]} Kf8 {[%emt 0:00:02]} 24. Rfe1 {[%emt 0:05:25]} Rd8 {[%emt 0:01:19]} 25. Qb6 {[%emt 0:04:40]} Nf7 {[%emt 0:00:29]} 26. Nxf5 {[%emt 0:00:56]} Rxd1+ {[%emt 0:00:48]} 27. Kxd1 {[%emt 0:00:32]} Qd8+ {[%emt 0:00:24]} 28. Qxd8+ {[%emt 0:01:47]} Nxd8 {[%emt 0:00:02]} 29. Nd4 {[%emt 0:00:28]} Ke7 {[%emt 0:00:38]} 30. Ke2 {[%emt 0:00:57]} Rf8 {[%emt 0:01:16]} 31. Nf3 {[%emt 0:00:56]} Rf5 {[%emt 0:00:17]} 32. Kd2 {[%emt 0:01:01]} h3 {[%emt 0:02:43]} 33. Rg1 {[%emt 0:02:25]} g4 {[%emt 0:01:50]} 34. Nd4 {[%emt 0:00:43]} Rf2+ {[%emt 0:01:12]} 1/2-1/2

[Event "3. Open Bohumin 2020"]
[Site "Bohumin"]
[Date "2020.07.21"]
[Round "4.16"]
[White "Lys, Josef"]
[Black "Radecki, Adam"]
[Result "0-1"]
[WhiteElo "2121"]
[BlackElo "1895"]
[Annotator "ChessBase"]
[PlyCount "102"]
[EventDate "2020.07.18"]
[EventType "swiss"]
[EventCountry "CZE"]
[SourceTitle "playchess.com"]
[Source "ChessBase"]
[SourceQuality "1"]
[TimeControl "40/5400+30:900+30"]

1. d4 {[%emt 0:00:00]} Nf6 {[%emt 0:00:17]} 2. Nf3 {[%emt 0:00:00]} d5 {[%emt 0:00:15]} 3. c4 {[%emt 0:00:04]} c6 {[%emt 0:00:15]} 4. e3 {[%emt 0:00:09]} g6 {[%emt 0:00:27]} 5. Nc3 {[%emt 0:00:07]} Bg7 {[%emt 0:00:33]} 6. b3 {[%emt 0:00:22]} O-O {[%emt 0:00:14]} 7. Bb2 {[%emt 0:01:22]} Nbd7 {[%emt 0:02:15]} 8. Be2 {[%emt 0:00:09]} Re8 {[%emt 0:00:17]} 9. O-O {[%emt 0:00:13]} Ne4 {[%emt 0:01:59]} 10. cxd5 {[%emt 0:04:32]} Nxc3 {[%emt 0:00:08]} 11. Bxc3 {[%emt 0:00:09]} cxd5 {[%emt 0:00:04]} 12. Rc1 {[%emt 0:00:28]} Nf6 {[%emt 0:00:19]} 13. Ne5 {[%emt 0:01:30]} Bd7 {[%emt 0:03:47]} 14. Bb4 {[%emt 0:03:10]} a5 {[%emt 0:01:57]} 15. Bc5 {[%emt 0:02:19]} Ne4 {[%emt 0:03:20]} 16. Nxd7 {[%emt 0:02:35]} Qxd7 {[%emt 0:00:15]} 17. Bb6 {[%emt 0:00:33]} Rec8 {[%emt 0:00:51]} 18. Qd3 {[%emt 0:14:14]} Nd6 {[%emt 0:03:09]} 19. Rxc8+ {[%emt 0:09:28]} Qxc8 {[%emt 0:00:18]} 20. a4 {[%emt 0:02:30]} Ra6 {[%emt 0:05:10]} 21. Bc5 {[%emt 0:05:01]} Rc6 {[%emt 0:00:28]} 22. Qd1 {[%emt 0:03:39]} b6 {[%emt 0:04:25]} 23. Ba3 {[%emt 0:04:13]} Qc7 {[%emt 0:02:33]} 24. Bd3 {[%emt 0:01:09]} e6 {[%emt 0:01:06]} 25. Bb2 {[%emt 0:00:30]} Qb8 {[%emt 0:05:09]} 26. Qe2 {[%emt 0:00:58]} Qc7 {[%emt 0:02:07]} 27. g4 {[%emt 0:01:21]} Ne4 {[%emt 0:02:02]} 28. f3 {[%emt 0:00:46]} Nc3 {[%emt 0:02:56]} 29. Qd2 {[%emt 0:05:30]} e5 {[%emt 0:00:40]} 30. Bxc3 {[%emt 0:10:11]} Rxc3 {[%emt 0:00:14]} 31. Bc4 {[%emt 0:00:42]} exd4 {[%emt 0:00:34]} 32. exd4 {[%emt 0:00:09]} Rxc4 {[%emt 0:00:29]} 33. bxc4 {[%emt 0:00:07]} Qxc4 {[%emt 0:00:04]} 34. Qd1 {[%emt 0:05:22]} Bxd4+ {[%emt 0:01:55]} 35. Kg2 {[%emt 0:00:16]} Be5 {[%emt 0:03:14]} 36. Rf2 {[%emt 0:01:22]} d4 {[%emt 0:00:57]} 37. Qe2 {[%emt 0:04:56]} Qxe2 {[%emt 0:00:34]} 38. Rxe2 {[%emt 0:00:28]} Bd6 {[%emt 0:00:01]} 39. Rd2 {[%emt 0:01:39]} Bc5 {[%emt 0:00:02]} 40. f4 {[%emt 0:03:28]} f5 {[%emt 0:01:56]} 41. g5 {[%emt 0:15:36]} Kf7 {[%emt 0:15:40]} 42. Rd3 {[%emt 0:01:55]} Ke6 {[%emt 0:00:22]} 43. Rh3 {[%emt 0:00:16]} Kd5 {[%emt 0:00:18]} 44. Kf3 {[%emt 0:01:15]} d3 {[%emt 0:00:24]} 45. Rxh7 {[%emt 0:00:22]} Kc4 {[%emt 0:04:51]} 46. Rd7 {[%emt 0:01:17]} b5 {[%emt 0:00:36]} 47. axb5 {[%emt 0:01:29]} a4 {[%emt 0:00:06]} 48. Rd8 {[%emt 0:02:48]} a3 {[%emt 0:00:21]} 49. h4 {[%emt 0:00:29]} a2 {[%emt 0:03:22]} 50. Ra8 {[%emt 0:00:11]} Kb3 {[%emt 0:00:05]} 51. h5 {[%emt 0:00:33]} Ba3 {[%emt 0:00:13]} 0-1